Numerical methods in statistical hydrodynamics /
Guardado en:
| Autor Principal: | |
|---|---|
| Formato: | Libro |
| Idioma: | English |
| Publicado: |
[Montréal] :
Presses de l'Université de Montréal,
1977.
|
| Series: | Séminaire de mathématiques supérieures ;
50 |
| Materias: | |
| Etiquetas: |
Agregar Etiqueta
Sin Etiquetas, Sea el primero en etiquetar este registro!
|
| LEADER | 00785nam a2200229 a 4500 | ||
|---|---|---|---|
| 001 | MAT.inmabb004692 | ||
| 008 | 780329s1977####quc######b####000#0#eng## | ||
| 005 | 20130325161034.0 | ||
| 245 | 1 | 0 | |a Numerical methods in statistical hydrodynamics / |c Alexandre Chorin. |
| 260 | |a [Montréal] : |b Presses de l'Université de Montréal, |c 1977. | ||
| 300 | |a 64 h. ; |c 28 cm. | ||
| 440 | 0 | |a Séminaire de mathématiques supérieures ; |v 50 | |
| 504 | |a Bibliografía: h. 63-64. | ||
| 510 | 4 | |a MR, |c 58 #8786 | |
| 020 | |a 0840503512 | ||
| 100 | 1 | |a Chorin, Alexandre Joel. | |
| 650 | 0 | |a Hydrodynamics |x Statistical methods. | |
| 650 | 0 | |a Differential equations |x Numerical solutions. | |
| 084 | |a 76Mxx |2 msc2000 | ||
| 010 | |a 78345588 | ||
| 040 | |a DLC |c DLC |d DLC | ||
| 859 | |h 76 |i C551 |p A-4458 |b BIB. MATEMATICA | ||
